<?xml version="1.0" encoding="UTF-8"?>
<collection xmlns="http://www.loc.gov/MARC21/slim">
 <record>
  <leader>00876cam a2200241 7i4500</leader>
  <controlfield tag="001">0000047375</controlfield>
  <controlfield tag="005">20230307090000.0</controlfield>
  <controlfield tag="008">230307s2005    enk#   ###   #00001eng##</controlfield>
  <datafield tag="020" ind1="#" ind2="#">
   <subfield code="a">0415341655 </subfield>
  </datafield>
  <datafield tag="040" ind1="#" ind2="#">
   <subfield code="a">UMT </subfield>
   <subfield code="b">eng </subfield>
   <subfield code="c">UMT </subfield>
   <subfield code="d">Malcat </subfield>
   <subfield code="e">rda</subfield>
  </datafield>
  <datafield tag="090" ind1="0" ind2="0">
   <subfield code="a">BP 80 .N23 </subfield>
   <subfield code="b">S5 2005</subfield>
  </datafield>
  <datafield tag="100" ind1="1" ind2="#">
   <subfield code="a">Sirriyeh, Elizabeth </subfield>
   <subfield code="e">author </subfield>
  </datafield>
  <datafield tag="245" ind1="1" ind2="0">
   <subfield code="a">Sufi visionary of Ottoman Damascus : </subfield>
   <subfield code="b">Abd al-Ghani ̄al-Nab̄ulusi,̄ 1641-1731  </subfield>
   <subfield code="c">Elizabeth Sirriyeh.</subfield>
  </datafield>
  <datafield tag="264" ind1="#" ind2="0">
   <subfield code="a">London: </subfield>
   <subfield code="b">RoutledgeCurzon, </subfield>
   <subfield code="c">2005</subfield>
  </datafield>
  <datafield tag="300" ind1="#" ind2="#">
   <subfield code="a">xii, 172 pages; </subfield>
   <subfield code="c">23cm</subfield>
  </datafield>
  <datafield tag="336" ind1="#" ind2="#">
   <subfield code="a">text -- </subfield>
   <subfield code="2">rdacontent</subfield>
  </datafield>
  <datafield tag="337" ind1="#" ind2="#">
   <subfield code="a">unmediated -- </subfield>
   <subfield code="2">rdamedia</subfield>
  </datafield>
  <datafield tag="338" ind1="#" ind2="#">
   <subfield code="a">volume -- </subfield>
   <subfield code="2">rdacarrier</subfield>
  </datafield>
  <datafield tag="590" ind1="#" ind2="#">
   <subfield code="a">Pusat Pendidikan Asas dan Liberal</subfield>
  </datafield>
  <datafield tag="650" ind1="0" ind2="0">
   <subfield code="a">Sufism -- </subfield>
   <subfield code="x">History -- </subfield>
   <subfield code="z">Syria -- </subfield>
   <subfield code="z">Damascus </subfield>
  </datafield>
  <datafield tag="650" ind1="0" ind2="0">
   <subfield code="a">Sufism -- </subfield>
   <subfield code="x">Doctrines </subfield>
  </datafield>
  <datafield tag="650" ind1="0" ind2="0">
   <subfield code="a">Sufis -- </subfield>
   <subfield code="x">Biography -- </subfield>
   <subfield code="z">Syria </subfield>
  </datafield>
  <datafield tag="999" ind1=" " ind2=" ">
   <subfield code="a">1100038475</subfield>
   <subfield code="b">Book</subfield>
   <subfield code="c">Open Shelf</subfield>
   <subfield code="e">KOLEKSI TERBUKA</subfield>
  </datafield>
 </record>
</collection>
